[Event "Nizhnij Novgorod-ch HL"]
[Site "Nizhnij Novgorod"]
[Date "2009.11.14"]
[Round "?"]
[White "Chubarov, Yuri"]
[Black "Pyatkovsky, Ivan"]
[Result "1-0"]
[WhiteElo "2091"]
[BlackElo "1975"]
[PlyCount "52"]
[EventDate "2009.11.14"]
[EventType "swiss"]
[EventRounds "9"]
[EventCountry "RUS"]
[SourceTitle "EXT 2022"]
[Source "ChessBase"]
[SourceDate "2021.10.06"]
[SourceVersion "1"]
[SourceVersionDate "2021.10.06"]
[SourceQuality "1"]

1. e4 d5 2. exd5 Nf6 3. d4 Nxd5 4. Nf3 Bf5 5. Bc4 e6 6. 0-0 Be7 7. Bb3 0-0 8. c4 Nb6 9. Nc3 Nc6 10. c5 Nd7 11. Be3 Bf6 12. d5 exd5 13. Bxd5 Nde5 14. Nxe5 Bxe5 15. Qf3 Qf6 16. Rad1 Qg6 17. h3 Rad8 18. g4 Bc8 19. Qg2 Rfe8 20. Rfe1 Na5 21. Be4 Qa6 22. Rxd8 Rxd8 23. Nd5 Be6 24. f4 Bxd5 25. Bxd5 c6 26. Bf3 Bxb2 1-0

[Event "Nizhnij Novgorod-ch HL"]
[Site "Nizhnij Novgorod"]
[Date "2009.11.14"]
[Round "?"]
[White "Mikheev, Dmitry"]
[Black "Pyatkovsky, Ivan"]
[Result "1-0"]
[WhiteElo "2092"]
[BlackElo "1975"]
[PlyCount "119"]
[EventDate "2009.11.14"]
[EventType "swiss"]
[EventRounds "9"]
[EventCountry "RUS"]
[SourceTitle "EXT 2022"]
[Source "ChessBase"]
[SourceDate "2021.10.06"]
[SourceVersion "1"]
[SourceVersionDate "2021.10.06"]
[SourceQuality "1"]

1. d4 d5 2. Nf3 c6 3. Bg5 Bf5 4. e3 Nd7 5. Bd3 Bxd3 6. Qxd3 Ngf6 7. Nbd2 e6 8. Ne5 Be7 9. f4 c5 10. c3 0-0 11. 0-0 Ne8 12. Bxe7 Qxe7 13. Nxd7 c4 14. Qe2 Qxd7 15. e4 dxe4 16. Nxe4 Qd5 17. a4 a5 18. Rf3 Rc8 19. Rh3 Nd6 20. Ng5 h6 21. Nf3 Qe4 22. Qd2 Qf5 23. Ne5 f6 24. g4 Qe4 25. Re1 Qh7 26. Nd7 Rfe8 27. Nc5 Qg6 28. Qg2 Qf7 29. Rhe3 e5 30. fxe5 fxe5 31. Rxe5 Rxe5 32. Rxe5 b6 33. Ne4 Nxe4 34. Qxe4 Rd8 35. Re7 Qf8 36. Re6 Qf7 37. Qe2 Rf8 38. Re7 Qf4 39. Qxc4+ Kh8 40. Qe2 h5 41. Re4 Qc1+ 42. Kg2 h4 43. Re8 Qf4 44. Rxf8+ Qxf8 45. d5 Qf4 46. c4 Kh7 47. b3 Qd4 48. Qf3 Kh6 49. Kh3 Qd2 50. Qf5 Qe3+ 51. Kg2 Qe2+ 52. Kg1 g6 53. Qf4+ Kg7 54. g5 h3 55. Qf6+ Kh7 56. Qf7+ Kh8 57. Qf8+ Kh7 58. Qh6+ Kg8 59. Qxg6+ Kf8 60. Qf6+ 1-0

[Event "Nizhnij Novgorod Region-ch op"]
[Site "Nizhnij Novgorod"]
[Date "2008.10.??"]
[Round "9"]
[White "Pyatkovsky, Ivan"]
[Black "Sobiev, Dmitry M"]
[Result "0-1"]
[WhiteElo "2030"]
[BlackElo "1712"]
[PlyCount "44"]
[EventDate "2008.10.04"]
[EventType "swiss"]
[EventRounds "9"]
[EventCountry "RUS"]
[SourceTitle "EXT 2022"]
[Source "ChessBase"]
[SourceDate "2021.10.06"]
[SourceVersion "1"]
[SourceVersionDate "2021.10.06"]
[SourceQuality "1"]

1. e4 e6 2. d4 d5 3. Nc3 Nf6 4. exd5 Nxd5 5. Nxd5 Qxd5 6. Be3 Be7 7. Nf3 c6 8. Be2 Nd7 9. 0-0 0-0 10. c4 Qa5 11. a3 Qc7 12. b4 Nf6 13. Ne5 Rd8 14. Qd2 Bd7 15. Bf4 Be8 16. Rfd1 Bd6 17. c5 Bxe5 18. Bxe5 Qc8 19. Bf3 Nd5 20. Bd6 f6 21. Bxd5 cxd5 22. a4 Rxd6 0-1

[Event "Nizhnij Novgorod Region-ch op"]
[Site "Nizhnij Novgorod"]
[Date "2008.10.??"]
[Round "3"]
[White "Zakharov, Aleksej"]
[Black "Pyatkovsky, Ivan"]
[Result "1-0"]
[WhiteElo "2306"]
[BlackElo "2030"]
[PlyCount "97"]
[EventDate "2008.10.04"]
[EventType "swiss"]
[EventRounds "9"]
[EventCountry "RUS"]
[SourceTitle "EXT 2022"]
[Source "ChessBase"]
[SourceDate "2021.10.06"]
[SourceVersion "1"]
[SourceVersionDate "2021.10.06"]
[SourceQuality "1"]

1. e4 d5 2. exd5 Qxd5 3. Nc3 Qd6 4. d4 Nf6 5. Bc4 a6 6. Bb3 Nc6 7. Be3 e6 8. Nge2 Be7 9. Ng3 b6 10. Nce4 Qd7 11. Nxf6+ Bxf6 12. c3 Bb7 13. Bc2 Na5 14. Be4 Bxe4 15. Nxe4 Nc4 16. Qf3 Qd5 17. Nxf6+ gxf6 18. Qxd5 exd5 19. Bc1 Kd7 20. f3 Rae8+ 21. Kf2 Re6 22. b3 Nd6 23. Bd2 Rhe8 24. Rhe1 c5 25. dxc5 bxc5 26. g4 Kc6 27. Rac1 c4 28. Be3 Rb8 29. Rb1 Ra8 30. Bd4 Rae8 31. Rxe6 Rxe6 32. bxc4 Nxc4 33. Rb8 Ne5 34. Rh8 Nd3+ 35. Kg3 f5 36. gxf5 Re7 37. Rxh7 Kb5 38. Rh6 a5 39. Rd6 Kc4 40. Ra6 Kb5 41. Ra8 Nc1 42. h4 Ne2+ 43. Kg4 Nxd4 44. cxd4 Kc4 45. h5 Re1 46. h6 Rh1 47. Kg5 Kxd4 48. Rxa5 Ke5 49. Ra4 1-0